The Oxford illustrated history of medieval Europe

Saved in:
Bibliographic Details
Other Authors: Holmes, George (Editor)
Format: Book
Language:English
Published: New York : Oxford University Press, 1992
Subjects:
Tags: Add Tag
No Tags, Be the first to tag this record!

MARC

LEADER 00000nam a2200000 i 4500
001 1/92321
008 940110s1992 eng d
020 |a 0-19-820073-0 
035 |l 10008428 
040 |a GR-MY-UA  |b gre  |e aacr 
041 0 |a eng 
082 0 |a 940.1 
245 1 4 |a The Oxford illustrated history of medieval Europe /  |c Edited by George Holmes 
260 |a New York :   |b Oxford University Press,   |c 1992 
300 |a 398 p.  |b ill. 
500 |a Includes index 
651 0 |a Europe  |x History  |y 476-1492. 
700 1 |a Holmes, George.  |4 edt 
852 |a INST  |b LESVOS  |e 19940110  |h 940.1 OXF  |p 005100005517  |q 005100005517  |t BK  |y 0 
909 |a Λ  |b 033211